| 000 | 00540nam a22001817a 4500 | ||
|---|---|---|---|
| 999 |
_c158126 _d158126 |
||
| 005 | 20181017144724.0 | ||
| 010 | _aB-182340 | ||
| 020 |
_a1403926662 _c185.00 |
||
| 035 | _aB-182340 | ||
| 037 | _bMacmillan | ||
| 082 | _a368 | ||
| 100 | _a Indian institute of banking and finance | ||
| 245 |
_aRisk management / _cby Indian institute of banking and finance |
||
| 260 |
_aMumbai _bMacmillan _c2005 |
||
| 300 |
_a345 p. _c24 c.m. (Pb) |
||
| 942 |
_2ddc _cEN _h368 _mRIS |
||